LEADER 00954nam0-2200325---450- 001 990008668020403321 005 20080604101514.0 010 $a978-0-691-13690-5 035 $a000866802 035 $aFED01000866802 035 $a(Aleph)000866802FED01 035 $a000866802 100 $a20080604d2008----km-y0itay50------ba 101 0 $aeng 102 $aUS 105 $ay-------001yy 200 1 $aChina's new confucianism$epolitics and everyday life in a changing society$fDaniel A. Bell 210 $aPrinceton$cPrinceton University Press$d2008 215 $aXVII, 240 p.$d24 cm 610 0 $aCina$aCondizioni sociali$a2000 610 0 $aCina$aConfucianismo 676 $a306.20951$v21$zita 700 1$aBell,$bDaniel A.$0254377 801 0$aIT$bUNINA$gRICA$2UNIMARC 901 $aBK 912 $a990008668020403321 952 $aXIII A 393$b43312$fFSPBC 959 $aFSPBC 996 $aChina's new confucianism$9717635 997 $aUNINA LEADER 00909nam0-22003131i-450- 001 990004056970403321 005 20051018120824.0 035 $a000405697 035 $aFED01000405697 035 $a(Aleph)000405697FED01 035 $a000405697 100 $a19990604d1983----km-y0itay50------ba 101 1 $aita 105 $ay-------001yy 200 1 $aSociologia per la professione infermieristica$fChristine M. Chapman 205 $a1. rist. 210 $aRoma$cArmando$d1983 215 $a197 p.$d21 cm 225 1 $aProblemi della professione infermieristica$v9 454 0$12001$aSociology for Nurses$912959 676 $a362.173$v21$zita 700 1$aChapman,$bChristine M.$0155716 801 0$aIT$bUNINA$gRICA$2UNIMARC 901 $aBK 912 $a990004056970403321 952 $a362.173 CHA 1$bBIBL. 1963$fFLFBC 959 $aFLFBC 996 $aSociology for Nurses$912959 997 $aUNINA